Normal view
MARC view
- KHUSH NASEEB FATIMA
Entry Personal Name
001 - CONTROL NUMBER
- control field: 70093
003 - CONTROL NUMBER IDENTIFIER
- control field: NUST
005 - DATE AND TIME OF LATEST TRANSACTION
- control field: 20210628204353.0
008 - FIXED-LENGTH DATA ELEMENTS
- fixed length control field: 210628|| aca||aabn | a|a d
040 ## - CATALOGING SOURCE
- Original cataloging agency: NUST
- Transcribing agency: NUST
100 ## - HEADING--PERSONAL NAME
- Personal name: KHUSH NASEEB FATIMA
670 ## - SOURCE DATA FOUND
- Source citation: Work cat.: (NUST): KHUSH NASEEB FATIMA,, TH-SOF-1244-Fundus Image Analysis for Detection of Papilledema, 2016
